000 00539nam a22001817a 4500
003 UA-OsUOA
001 14621
007 ta
008 20031013b un ||||| |||| 00| 0 ukr d
100 _aНовак В.
942 _cSA
040 _aUA-OsUOA
_cUA-OsUOA
_dUA-OsUOA
245 _aХай збудеться мрія кожного вчителя !:[Про успіхи педегогів Рівного]
300 _aС.4-5
955 _a0
773 0 _w0
_tВільне слово
_dРівне
_d2003
_g№78/79
650 7 _aКадри
_2UDC
999 _c300785
_d300785